| 000 | 01357naa a22003257a 4500 | ||
|---|---|---|---|
| 001 | BR8300161 | ||
| 003 | BR-BrBNA | ||
| 005 | 20240918175220.0 | ||
| 007 | ta | ||
| 008 | 230509b bl.||||| |||| 00| 0 por d | ||
| 040 |
_aBR-BrBNA _bpor _cBiblioteca Nacional de Agricultura |
||
| 041 | _a(Pt) | ||
| 072 |
_aF00; N20 _b3575 _b0336 _b4545 _bG514 |
||
| 090 | _aF00 BR8300161 | ||
| 100 | 1 | _aCarraro, I.M. | |
| 245 | 1 | _aEfeito da velocidade do cilindro e do teor de umidade das sementes durante a trilha sobre a qualidade das sementes de soja na trilhadeira experimental EDA [colheita, Parana, Brasil] | |
| 246 | 1 | _a[Effect of cylinder speed and moisture content of the seeds during track on soybean seed quality in the experimental EDA tracker [harvest, Parana, Brazil]] | |
| 246 | 1 | _a[Soybean research findings in 1979/80 and 1980/81] | |
| 260 | 3 |
_aCascavel, PR (Brasil): _c1982. |
|
| 500 | _aResultados de pesquisa com soja nos anos de 1979/80 e 1980/81 Cascavel, PR (Brasil): 1982. p. 84-89 (BR8300161-AM)F00 | ||
| 650 | _aSOJA | ||
| 650 | _aSEMENTE | ||
| 650 | _aTRILHADEIRA | ||
| 650 | _aUMIDADE | ||
| 650 | _aCOLHEITA | ||
| 650 | _aPARANA | ||
| 773 | 0 |
_tResultados de pesquisa com soja nos anos de 1979/80 e 1980/81 _wF00 BR8300161 _gCascavel, PR (Brasil), 1982. p. 84-89 |
|
| 909 |
_a202404 _bLucia _c55 _dLucia Elande |
||
| 942 |
_cAM _2AGRIS |
||
| 999 |
_c315664 _d315664 |
||